| 000 | 01151cam a2200349 a 4500 | ||
|---|---|---|---|
| 001 | 3525578 | ||
| 003 | OSt | ||
| 005 | 20140310184245.0 | ||
| 008 | 960701s1997 mau c 000 1 eng | ||
| 010 | _a 96031656 | ||
| 020 | _a0439829119 | ||
| 040 |
_aDLC _cDLC _dDLC |
||
| 042 | _alcac | ||
| 050 | 0 | 0 |
_aPZ 7 _b.M35145De 2006 |
| 100 | 1 |
_aMarsden, John, _d1950- _926814 |
|
| 245 | 1 | 4 |
_aThe dead of night / _cJohn Marsden. |
| 260 |
_anew york _bscholastics _cc2006. |
||
| 300 |
_a278 p. ; _c22 cm. |
||
| 521 | _aG4 | ||
| 526 | _c770 | ||
| 650 | 1 |
_aSurvival _vFiction. _926815 |
|
| 650 | 1 |
_aWar _vFiction. _926816 |
|
| 651 | 1 |
_aAustralia _vFiction. _926817 |
|
| 856 | 4 | 2 |
_3Publisher description _uhttp://www.loc.gov/catdir/description/hm021/96031656.html |
| 856 | 4 | 2 |
_3Contributor biographical information _uhttp://www.loc.gov/catdir/enhancements/fy0735/96031656-b.html |
| 906 |
_a7 _bcbc _corignew _d1 _eocip _f19 _gy-gencatlg |
||
| 942 |
_2lcc _cBK-SCHOLAS |
||
| 999 |
_c33321 _d33321 |
||